00447 2200181 4500245005300000020002200053250001100075100001400086700001900100700001800119650001700137005001900154260003200173041001400205084001000219300002700229336000900256 aMemberdayakan Potensi Kaum MudacSugiyartohText a978-979-662-470-6 aCet. 1 aSugiyarto aFitriani L. H. aRetno Hastuti aPotensi Diri a20230222091729 aKlatenbCempaka Putihc2010 aIndonesia a153.8 aiv, 116 hlm. :c25 cm. atext